| 000 | 01219 a2200265 4500 | ||
|---|---|---|---|
| 003 | Nust | ||
| 005 | 20220816165117.0 | ||
| 010 | _a 00023094 | ||
| 020 | _a0471623792 (alk. paper) | ||
| 040 | _cNust | ||
| 082 | 0 | 0 | _a621.38202855117,OBJ |
| 245 | 0 | 0 |
_aObject oriented software technologies in telecommunications : _bfrom theory to practice / _cedited by Iakovos Venieris, Fabrizio Zizza, Thomas Magedanz. |
| 260 |
_aChichester ; _aNew York : _bWiley, _cc2000. |
||
| 300 |
_axxii, 271 p. : _bill. ; _c25 cm. |
||
| 505 | _aPart 1:- The Need for Advanced Software Technologies in Telecommunication Networks (Page-1), Part 2:- Enabling Software Technologies (Page-47),Part 3:- Case Study Distributed Intelligent Broadband Network (Page-171). | ||
| 650 | 0 | _aObject-oriented programming (Computer science) | |
| 650 | 0 |
_aSoftware engineering. _92256 |
|
| 650 | 0 | _aTelecommunication Engineering | |
| 700 | 1 |
_aMagedanz, Thomas. _997502 |
|
| 700 | 1 |
_aVenieris, Iakovos. _997503 |
|
| 700 | 1 |
_aZizza, Fabrizio. _997504 |
|
| 856 | 4 | 2 |
_3Publisher description _uhttp://www.loc.gov/catdir/description/wiley035/00023094.html |
| 856 | 4 | 2 |
_3Table of Contents _uhttp://www.loc.gov/catdir/toc/onix06/00023094.html |
| 942 |
_cREF _2ddc |
||
| 999 |
_c175850 _d175850 |
||